| 000 | 00442nam a2200193Ia 4500 | ||
|---|---|---|---|
| 008 | 220531s9999 xx 000 0 und d | ||
| 041 | _aeng | ||
| 082 | _bDEV | ||
| 100 |
_aDev ,. S. _957686 |
||
| 245 | _aPhysical Geography | ||
| 250 | _a1ST | ||
| 260 |
_bGlobal vision _c2010 |
||
| 300 | _a447 | ||
| 440 |
_anormal _957687 |
||
| 542 | _d20-02-2013 | ||
| 650 |
_aGeography _957688 |
||
| 906 | _d2012-2013 | ||
| 999 |
_c33158 _d33158 |
||